000 00791cab a2200205 4500
001 WB3106-21
008 090401t1995 xxu||||| |||| 00| 0 eng d
035 _a(Sirsi) u71060
041 _aeng
245 _aElectric sensors for Windsor Castle
260 _c1995
350 _a0
490 _aSunday Times
_vTimes 5 February 1995, 2:8(1)
520 _aA Hutton + Rostron high technology building protection system is to be installed at Windsor Castle to monitor damp, exposure to light, temperature and eventually movement.
650 _aBUILT ENVIRONMENT-BUILDING ELEMENTS-COMPLETE BUILDING SERVICES ELEMENTS-COMPLETE BUILDING PROTECTION SYSTEMS
650 _aWINDSOR CASTLE
690 _aMANAGEMENT-BUSINESS MANAGEMENT-INFORMATION MANAGEMENT
942 _n0
948 _c04/03/1997
999 _c44768
_d44768